| 000 | 00644nam a2200229Ia 4500 | ||
|---|---|---|---|
| 003 | OSt | ||
| 005 | 20220925232206.0 | ||
| 006 | a|||||r|||| 00| 0 | ||
| 007 | ta | ||
| 008 | 220923b |||||||| |||| 00| 0 eng d | ||
| 037 | _cGeneral Book | ||
| 040 |
_aRTL _cRTL _beng |
||
| 041 |
_2eng _aeng |
||
| 082 | _aXv, L4 | ||
| 100 |
_aCrosser Paul K _9296887 |
||
| 245 | 0 | _aProlegomena to all future meta-economics | |
| 260 |
_aMissouri _bWarren H Green _c1974 |
||
| 300 |
_axiv;196p _ccm. |
||
| 490 | _aLibrary of Philosophy and Political Economy.1 | ||
| 942 |
_hXv, L4 _cGB _2CC |
||
| 999 |
_c590602 _d590602 |
||